Sweden, Norway or Finland? - Statistics

General Stats
  • This quiz has been taken 13,916 times
    7,816 since last reset
  • The average score is 15 of 19
Answer Stats
Question Answer % Correct
This country's capital has the most residents of these three countries Sweden
95%
This country has been at war against the Soviet Union Finland
94%
This country is NOT a monarchy Finland
92%
This country has the longest coastline of Europe Norway
92%
In this country mainland Europe's northernmost point is found Norway
91%
Youtube-star PewDiePie was born in this country Sweden
90%
This country is linguistically tied to Hungary Finland
89%
This country has won the most Winter Olympic medals in the world Norway
87%
This country claims to be home to Santa Claus Finland
84%
This country is NOT part of the EU Norway
84%
This country has the highest maximum elevation (highest mountain) of these three countries Norway
78%
This country has approximately 10 million residents Sweden
78%
This country did NOT take part in WWII Sweden
76%
This country has the highest % of forest coverage in Europe Finland
70%
This country possesses the island "Jan Mayen" Norway
67%
This country possesses the most islands in the world Sweden
53%
This country has the most guns per capita of these three countries. Finland
52%
This country has the highest coffee consumption per capita in the world Finland
51%
This country has the highest milk consumption per capita in the world Finland
39%
No matching quizzes found
Score Distribution
Percent of People with Each Score
Percentile by Number Answered
Your Score History
You have not taken this quiz since the last reset